000 00806nam a2200217 4500
001 131632
003 ES-MaACL
005 20250828103150.0
007 t|
008 070214s1982 sp r ||||1| spa d
100 1 _aRodríguez Huéscar, Antonio.
_998579
245 1 3 _aLa innovación metafísica de Ortega
_b: crítica y superación del idealismo /
_cAntonio Rodríguez Huescar ; prólogo de Julián Marías.
260 _aMadrid :
_bDirección General de Enseñanzas Medias,
_c1982.
300 _a174 p. ;
_c18 cm.
490 1 _aBreviarios de Educación
700 1 _aMarías, Julián,
_d1914-2005
_976688
710 2 _aEspaña.
_bDirección General de Enseñanzas Medias.
_93733
830 0 0 _aBreviarios de educación
_9219594
852 _aES-MaACL
_jL-4033
_bR.104966
999 _c131632
_d131632